Na Větrné hur̊ce /

Bibliographic Details
Main Author: Brontë, Emily, 1818-1848
Format: Book
Language:Czech
Published: Praha : Statní nakl. krásné literatury, hudby a umění, 1960.

MARC

Tag First Indicator Second Indicator Subfields
LEADER 00000cam a2200000I 4500
001 in00001402919
005 20151020053059.0
008 810302s1960 cs a 000 1 cze d
035 |a (OCoLC)07183763 
035 |9 AHM6962AM 
040 |a CLE  |c CLE  |d UIU  |d TXA  |d UtOrBLW 
041 1 |a cze  |h eng 
049 |a TXAM 
090 |a PR4172  |b .W7313 1960 
100 1 |a Brontë, Emily,  |d 1818-1848. 
240 1 0 |a Wuthering Heights.  |l Czech 
245 1 0 |a Na Větrné hur̊ce /  |c Emily Bronteová ; Přeložila Květa Marysková ; ilustroval Zdeněk Brdlík. 
264 1 |a Praha :  |b Statní nakl. krásné literatury, hudby a umění,  |c 1960. 
300 |a 270 pages :  |b illustrations ;  |c 24 cm. 
336 |a text  |b txt  |2 rdacontent 
337 |a unmediated  |b n  |2 rdamedia 
338 |a volume  |b nc  |2 rdacarrier 
500 |a Translation of: Wuthering Heghts. 
500 |a Translation of: Wuthering Heights. 
541 0 |a Donated by Mr. and Mrs. Peter Lampa. 
948 |a cataloged  |b h  |c 2000/3/20  |d c  |e dchroust  |f 4:18:47 pm 
994 |a E0  |b TXA 
999 |a MARS 
999 f f |s 2c2e213a-07ed-3a50-82b2-009062e74c4d  |i 194ce83d-4a12-30c1-9e78-341b329ea1af  |t 0 
952 f f |p ric  |a Texas A&M University  |b Rellis Campus  |c Joint Library Facility  |d Remote Storage  |t 0  |e PR4172 .W7313 1960  |h Library of Congress classification  |i unmediated -- volume  |m A14822018767 
998 f f |a PR4172 .W7313 1960  |t 0  |l Remote Storage